[Event "Manila ol (Men)"]
[Site "Manila"]
[Date "1992.??.??"]
[Round "?"]
[White "Alterman, Boris"]
[Black "Bagirov, Vladimir"]
[Result "1/2-1/2"]
[WhiteElo "2515"]
[BlackElo "2500"]

1.d4 d5 2.c4 dxc4 3.e4 e5 4.Nf3 Bb4+ 5.Bd2 Bxd2+ 6.Qxd2 exd4 7.Qxd4 Qxd4
8.Nxd4 Be6 9.Nc3 a6 10.f4 Ne7 11.Nxe6 fxe6 12.Bxc4 e5 13.g3 Rf8 14.Rf1 Nd7
15.O-O-O Rd8 16.f5 b5 17.Bb3 c6 18.g4 Nc5 19.Bc2 a5 20.g5 Nc8 21.Rf3 Rxd1+
22.Nxd1 Nd6 23.Nf2 Ne6 24.Rd3 Ke7 25.Ng4 Nxg5 26.Nxe5 Ngxe4 27.Nxc6+ Kf6
28.Nxa5 Rc8 29.Nb3 Nxf5 30.Kb1 Ned6 31.Nd4 g6 32.b3 Rc5 33.Kb2 h5 34.Nxf5 Nxf5
35.Rc3 Rd5 36.Rc6+ Nd6 37.a4 bxa4 38.bxa4 g5 39.a5 Ke6 40.a6 Ra5 41.Bd3 Kd7
42.Rc1 Ne8 43.Rf1 Ke7 44.Bc4 Nc7 45.Rf7+ Kd6 46.Rf6+ Kc5 47.Kb3 g4 48.Rh6 Kd4
49.Rc6 Nxa6 50.Bxa6 Rg5 51.Bc4 g3 52.hxg3 Rxg3+ 53.Kb4 h4 54.Rd6+ Ke4 55.Rh6 Rg4
56.Kc3 Ke3 57.Bd5 Rf4 58.Rg6 Rf5 59.Kc4 Rf4+ 60.Kc5 Rf5 61.Kd6 Rh5  1/2-1/2

[Event "Manila ol (Men)"]
[Site "Manila"]
[Date "1992.??.??"]
[Round "?"]
[White "Tratar, Marko"]
[Black "Dreyer, Martin"]
[Result "0-1"]
[WhiteElo "2335"]
[BlackElo "2235"]

1.d4 d5 2.c4 dxc4 3.e4 Nf6 4.e5 Nd5 5.Bxc4 Nc6 6.Ne2 Nb6 7.Bd3 Be6 8.Nbc3 Bd5
9.O-O e6 10.Be3 Qd7 11.Nf4 O-O-O 12.Qe2 Nb4 13.Nfxd5 N4xd5 14.Ne4 f5 15.exf6 gxf6
16.Nc5 Qf7 17.Ba6 Bxc5 18.dxc5 bxa6 19.Qxa6+ Kd7 20.cxb6 axb6 21.Rfd1 Ra8
22.Qc4 Kc8 23.a4 Rd8 24.b4 Qd7 25.Qb3 Qc6 26.Rdc1 Qd6 27.b5 Qe5 28.Ra2 Kb7
29.g3 f5 30.Rac2 Rg8 31.Bd2 f4 32.Re1 Qf5 33.Qc4 Rae8 34.a5 f3 35.a6+ Ka7
36.Qc6 Rb8 37.Qc4 Rg6 38.Rec1 Rg4 39.Qf1 Qf7 40.Qd3 Rg6 41.Bf4 Qxf4 42.Rc4 Qf7
43.Qe4 Rg7 44.Rc6 Qf5 45.Qd4 Qh3  0-1

[Event "Manila ol (Men)"]
[Site "Manila"]
[Date "1992.??.??"]
[Round "?"]
[White "Ruzele, Darius"]
[Black "Mikhalchishin, Adrian"]
[Result "1/2-1/2"]
[WhiteElo "2340"]
[BlackElo "2530"]

1.d4 d5 2.c4 dxc4 3.e4 Nf6 4.e5 Nd5 5.Bxc4 Nb6 6.Bd3 Nc6 7.Ne2 Bg4 8.f3 Be6
9.Nbc3 Bd5 10.a3 e6 11.O-O Be7 12.Be3 Qd7 13.Qc2 Bc4 14.Be4 f5 15.exf6 Bxf6
16.Rfd1 Nd5 17.Nxd5 exd5 18.Bd3 Bxd3 19.Qxd3 O-O 20.Bf2 Ne7 21.Nc1 Nf5 22.Nb3 b6
23.Rac1 a5 24.Rc2 a4 25.Nd2 c6 26.Nf1 Nd6 27.Ne3 b5 28.Ng4 Rae8 29.Re2 Rxe2
30.Qxe2 Re8 31.Nxf6+ gxf6 32.Qc2 Nc4 33.h3 Kg7 34.Rb1 Re7 35.Re1 Rxe1+ 36.Bxe1 Qe8
37.Bc3 Qe6 38.Bb4 h5 39.Qf2 Kf7 40.Qg3 Nd6 41.Qh4 Kg6 42.Qg3+ Kf7 43.Qh4 Kg6
44.Qg3+ Kf7  1/2-1/2

[Event "Moscow Tal mem"]
[Site "Moscow"]
[Date "1992.??.??"]
[Round "?"]
[White "Podgaets, Mikhail"]
[Black "Donchenko, Anatoly G"]
[Result "1/2-1/2"]
[WhiteElo "2450"]
[BlackElo "2385"]

1.d4 d5 2.c4 dxc4 3.e4 Nc6 4.Be3 Nf6 5.Nc3 Ng4 6.e5 g6 7.e6 f5 8.d5 Nxe3
9.fxe3 Ne5 10.Nf3 Nxf3+ 11.Qxf3 Bg7 12.Bxc4 O-O 13.O-O a6 14.Rad1 Qd6 15.Bb3 b5
16.h4 Bb7 17.h5 Be5 18.Ne2 Rad8 19.Qh3 Kg7 20.Nf4 Rf6 21.Qg3 a5 22.a3 a4
23.Ba2 Bxf4 24.exf4 Qc5+ 25.Qf2 Qxf2+ 26.Kxf2 gxh5 27.Rfe1 Rd6 28.Re5 c5
29.dxc6 Rxd1 30.cxb7 Rd8 31.Rxb5 Rff8 32.Bd5 Rd6 33.Ke3 Rb8 34.Kd4 h4 35.Ke5 Kg6
36.Bf3 Rd3 37.Bd5 h5 38.Rb4 Rd2 39.Rxa4 Rd8 40.Ra5 Rxb2 41.Ra8 Rxd5+ 42.Kxd5 Rxb7
43.Rg8+  1/2-1/2

[Event "Munich op9192"]
[Site "Munich"]
[Date "1992.??.??"]
[Round "7"]
[White "Aseev, Konstantin N"]
[Black "Mueller, Karsten"]
[Result "1-0"]
[WhiteElo "2525"]
[BlackElo "2425"]

1.d4 d5 2.c4 dxc4 3.e4 Nc6 4.Be3 Nf6 5.Nc3 Ng4 6.Bxc4 e5 7.Qf3 Qd7 8.d5 Nd4
9.Qd1 Bc5 10.h3 Nf6 11.Nf3 Nxf3+ 12.Qxf3 Bxe3 13.Qxe3 O-O 14.O-O a6 15.Rac1 Ne8
16.Bb3 Qe7 17.Na4 Bd7 18.Nc5 Nd6 19.Rfe1 b6 20.Nxd7 Qxd7 21.Qc3 f6 22.Qxc7 Qxc7
23.Rxc7 Rfc8 24.Rec1 Kf8 25.f3 Rab8 26.Kf2 Rxc7 27.Rxc7 Rb7 28.Rc6 Ke7 29.h4 Kd7
30.Bd1 a5 31.Be2 b5 32.Rc5 Kd8 33.Rc6 Kd7 34.Ra6 a4 35.Ke3 Kc7 36.Rc6+ Kd7
37.f4 Ke7 38.fxe5 fxe5 39.Rc5 Kd7 40.Bg4+ Kd8 41.Rc6 Nc4+ 42.Ke2 Rb6 43.Rc8+ Ke7
44.b3 axb3 45.axb3 Nd6 46.Rc7+ Kf8 47.Kd3 Rb7 48.Rxb7 Nxb7 49.Kc3 Nd6 50.Bf3 Ke7
51.Kb4 Kd7 52.Kc5 Kc7 53.b4 g6 54.g4 h6 55.g5 hxg5 56.hxg5 Kd7 57.Bg2 Kc7
58.Bh1 Nf7 59.Kxb5 Nxg5 60.Kc5 Nf7 61.b5 Nd6 62.b6+ Kd7 63.Bf3 Nb7+ 64.Kb5 Nd6+
65.Ka6 Kc8 66.Ka7 Nb5+ 67.Ka8  1-0

[Event "New York op"]
[Site "New York"]
[Date "1992.??.??"]
[Round "3"]
[White "Lobron, Eric"]
[Black "Dlugy, Maxim"]
[Result "1-0"]
[WhiteElo "2575"]
[BlackElo "2550"]

1.d4 d5 2.c4 dxc4 3.e4 e5 4.Nf3 Bb4+ 5.Nc3 exd4 6.Qxd4 Qxd4 7.Nxd4 Nf6 8.f3 Bc5
9.Be3 Nc6 10.Ncb5 Nxd4 11.Bxd4 Bxd4 12.Nxd4 Be6 13.Nxe6 fxe6 14.Bxc4 Ke7
15.Kf2 Rad8 16.Rhd1 g5 17.Ke3 c5 18.a4 e5 19.Rxd8 Rxd8 20.b3 Rd4 21.g4 h5
22.h4 gxh4 23.g5 Ne8 24.Rh1 Nd6 25.Bd5 Kf8 26.f4 exf4+ 27.Kxf4 Kg7 28.Rxh4 Kg6
29.Rh1 Ne8 30.Bxb7 Nc7 31.Bc8 Nd5+ 32.Ke5 Nb4 33.Bf5+ Kxg5 34.Rg1+ Kh4 35.Kf6 Rd6+
36.Be6 Nc2 37.Rh1+ Kg3 38.e5 Rb6 39.a5 Ra6 40.Kf7 Rxa5 41.Bc4 h4 42.e6 Nd4
43.e7 Nf5 44.Rh3+ Kg2 45.Rxh4 Ra3 46.Bd5+  1-0

[Event "NOR-ch"]
[Site "?"]
[Date "1992.??.??"]
[Round "2"]
[White "Dannevig, Oystein"]
[Black "Kristiansen, Erling"]
[Result "1-0"]
[WhiteElo "2290"]
[BlackElo "2300"]

1.d4 d5 2.c4 dxc4 3.e4 e5 4.Nf3 exd4 5.Bxc4 Nc6 6.O-O Be6 7.Bxe6 fxe6 8.Ng5 Qd7
9.Qh5+ g6 10.Qh3 Nd8 11.f4 Ne7 12.f5 exf5 13.exf5 Nxf5 14.g4 Ne7 15.Nd2 Bg7
16.Nde4 h5 17.Qb3 Qd5 18.Qf3 Ndc6 19.Qf6 Qg8 20.Qe6 Qxe6 21.Nxe6 Be5 22.gxh5 gxh5
23.Bg5 b6 24.Bf6 Bxf6 25.Nxf6+ Kf7 26.Nxc7 Rad8 27.Nxh5+ Kg6 28.Nf4+ Kh7
29.Rf3 Rhg8+ 30.Kh1 Rd6 31.Nce6 Nf5 32.Rh3+ Nh6 33.Rd1 Rg4 34.Rdd3 Rxf4 35.Nxf4 Ne5
36.Rdg3 Rf6 37.Nd3 Ng6 38.Rf3 Re6 39.Rf7+ Kg8 40.Rxa7 Nf7 41.Rg3  1-0

[Event "NOR-ch"]
[Site "?"]
[Date "1992.??.??"]
[Round "9"]
[White "Grotnes, Nils"]
[Black "Dannevig, Oystein"]
[Result "1-0"]
[WhiteElo "2345"]
[BlackElo "2290"]

1.d4 d5 2.c4 dxc4 3.e4 b5 4.a4 Bb7 5.axb5 Bxe4 6.Nf3 e6 7.Bxc4 Nf6 8.O-O Be7
9.Nc3 Bb7 10.Qe2 O-O 11.Bg5 Nbd7 12.Rad1 Nb6 13.Bd3 Nbd5 14.Ne5 Nb4 15.Bc4 a6
16.Rfe1 axb5 17.Bxb5 Ra5 18.Bxf6 Bxf6 19.Nd7 c6 20.Nc5 Bc8 21.Ba4 Qb6 22.N3e4 Be7
23.Bb3 Na6 24.Nxa6 Bxa6 25.Qe3 Rb8 26.Nd2 Bf6 27.Bxe6 Qd8 28.Nc4 Rg5 29.h4 Rg6
30.Bxf7+ Kxf7 31.Qe6+ Kf8 32.Ne5 Bxe5 33.Qxe5 Rb5 34.Qf4+ Rf6 35.Qg4 Rxb2
36.f3 Rg6 37.Qf5+ Kg8 38.g4 Be2 39.Rc1  1-0

[Event "NOR-RIN"]
[Site "?"]
[Date "1992.??.??"]
[Round "1"]
[White "Gausel, Einar"]
[Black "Adianto, Utut"]
[Result "1/2-1/2"]
[WhiteElo "2485"]
[BlackElo "2475"]

1.d4 d5 2.c4 dxc4 3.e4 Nf6 4.Nc3 e5 5.Nf3 exd4 6.Qxd4 Bd6 7.Bxc4 O-O 8.Bg5 Nc6
9.Qd2 Be6 10.Bxe6 fxe6 11.O-O-O Qe8 12.Qe2 Qg6 13.Rhg1 Bxh2 14.Nxh2 Qxg5+
15.Kb1 Rad8 16.Rxd8 Rxd8 17.Nf3 Qg6 18.Ka1 a6 19.g4 Nd4 20.Nxd4 Rxd4 21.f3 Qg5
22.Qf2 Qd2 23.Qg3 Rc4 24.Nb1 Qd4 25.g5 Nd7 26.Qh2 Qe5 27.Qe2 b5 28.Rd1 Nb6
29.Qd2 Kf7 30.Nc3 b4 31.Na4 Nxa4 32.g6+ Kxg6 33.Rg1+ Kh5 34.Rh1+ Kg6 35.Rg1+ Kf7
36.Qd7+ Kf8 37.Qd8+  1/2-1/2

[Event "Oakham"]
[Site "Oakham"]
[Date "1992.??.??"]
[Round "4"]
[White "Djurhuus, Rune"]
[Black "Rublevsky, Sergei"]
[Result "0-1"]
[WhiteElo "2420"]
[BlackElo "2505"]

1.d4 d5 2.c4 dxc4 3.e4 e5 4.Nf3 exd4 5.Bxc4 Bb4+ 6.Bd2 Bxd2+ 7.Qxd2 c5 8.b4 Nc6
9.bxc5 Nf6 10.O-O O-O 11.Re1 Bg4 12.e5 Nd7 13.Nxd4 Ncxe5 14.Bd5 Qf6 15.h3 Bh5
16.Nb3 Rad8 17.Nc3 Bg6 18.Bxb7 Nxc5 19.Nd5 Rxd5 20.Qxd5 Ned3 21.Rf1 Be4 22.Qc4 Bxb7
23.Nxc5 Qc6 24.f3 Nxc5 25.Rfc1 Rc8 26.Rab1 Ne6 27.Qf1 Qd7 28.Rd1 Qe7 29.Qb5 Rc7
30.Qa5 a6 31.Rd2 g6 32.Rdb2 h5 33.Kh1 Kh7 34.Qb6 Bc8 35.Qb8 Qg5 36.Re1 Rc1
37.Re2 Rxe1+ 38.Rxe1 Nf4 39.Qb2 Be6 40.Rd1 h4 41.Rd6 a5 42.Rb6 Nd3 43.Qd4 Nf4
44.Qb2 Nh5 45.Ra6 Qd5 46.Kh2 Ng3 47.Qf6 Nf5 48.a3 a4 49.Rxa4 Qd6+ 50.f4 Qd2
51.Rb4 Qf2 52.Qb2 Qg3+ 53.Kg1 Qe1+ 54.Kh2 Ne3  0-1

[Event "Pardubice op"]
[Site "Pardubice"]
[Date "1992.??.??"]
[Round "9"]
[White "Vasilchenko, Oleg"]
[Black "Rublevsky, Sergei"]
[Result "0-1"]
[WhiteElo "2385"]
[BlackElo "2535"]

1.d4 d5 2.c4 dxc4 3.e4 e5 4.Nf3 Bb4+ 5.Bd2 Bxd2+ 6.Qxd2 exd4 7.Qxd4 Nf6 8.Qxd8+ Kxd8
9.Nc3 Be6 10.Nd4 Nc6 11.Nxc6+ bxc6 12.f4 g6 13.O-O-O+ Ke7 14.Re1 Kf8 15.Na4 Nd7
16.Be2 Rb8 17.a3 Rb3 18.Rd1 Ke7 19.Rhe1 f6 20.Rd4 c5 21.Rd2 Re3 22.Nc3 g5
23.Red1 Nb6 24.f5 Bf7 25.Rc2 Rb8 26.Kd2 Rd3+ 27.Bxd3 cxd3 28.Kxd3 Bc4+ 29.Kd2 Bb3
30.Nd5+ Nxd5 31.exd5 Kd6 32.Re1 Bxc2 33.Kxc2 Kxd5 34.Re7 h5 35.Kc3 Rb7 36.g3 a5
37.Rh7 Ke5 38.Rxh5 Kxf5 39.Rh7 a4 40.Kc2 Kg4 41.Rf7 Rb6 42.Rxc7 Re6 43.Kd3 Rd6+
44.Kc3 Rd5 45.Ra7 Kh3 46.Rh7+ Kg2 47.g4 Rd4 48.h3 Rf4 49.b4 cxb4+ 50.axb4 a3
51.Ra7 Kxh3 52.b5 Rf1 53.Rxa3 Kxg4 54.b6 Rc1+ 55.Kd4 Rb1 56.Kc5 f5 57.Ra4+ f4
58.Rc4 Kg3 59.Rb4 Rc1+ 60.Rc4 Rb1 61.Kc6 f3  0-1

[Event "World op"]
[Site "Philadelphia"]
[Date "1992.??.??"]
[Round "5"]
[White "Baquero, Luis A"]
[Black "Ibragimov, Ildar"]
[Result "0-1"]
[WhiteElo "2370"]
[BlackElo "2515"]

1.d4 d5 2.c4 dxc4 3.e4 Nc6 4.Be3 Nf6 5.f3 e5 6.d5 Ne7 7.Nc3 Ng6 8.Bxc4 a6
9.Nge2 Bd6 10.Qd2 O-O 11.Ng3 Nf4 12.O-O Ne8 13.Nce2 Qg5 14.Nxf4 exf4 15.Bd4 Nf6
16.Rfe1 Re8 17.Nh1 Nd7 18.Nf2 Ne5 19.Be2 Bd7 20.Kh1 Qh4 21.Bf1 g5 22.Rac1 g4
23.fxg4 Bxg4 24.Qxf4 Ng6 25.g3 Bxf4 26.gxh4 Bf3+ 27.Bg2 Nxh4 28.Bxf3 Nxf3
29.Rg1+ Nxg1 30.Rxg1+ Kf8 31.Rg4 Be5 32.Bc5+ Bd6 33.Bd4 f5 34.exf5 Be5 35.Bc5+ Kf7
36.Rh4 Rad8 37.Rxh7+ Kg8 38.Rh3 Rxd5 39.Be3 Bg7 40.Rg3 Rxf5 41.Bd4 Re7 42.Ng4 Kf8
43.Bxg7+ Rxg7 44.Kg2 Rd7 45.Rc3 c5 46.Kg3 b5 47.b3 Rd2 48.a4 Rfd5 49.Rf3+ Ke7
50.axb5 axb5 51.Re3+ Kd6 52.Nf2 Kc6 53.h4 b4 54.Ng4 Kb5 55.Ne5 Rc2 56.Kf4 Rc3
57.Re1 Rxb3 58.Rh1 Rc3 59.h5 b3 60.h6 b2  0-1

[Event "RUS-chT"]
[Site "Podolsk"]
[Date "1992.??.??"]
[Round "?"]
[White "Gleizerov, Evgeny"]
[Black "Raetsky, Alexander"]
[Result "1-0"]
[WhiteElo "2525"]
[BlackElo "2455"]

1.d4 d5 2.c4 dxc4 3.e4 Nf6 4.e5 Nd5 5.Bxc4 Nb6 6.Bb3 Nc6 7.Be3 Bf5 8.Nc3 e6
9.Nge2 Be7 10.O-O O-O 11.Ng3 Bg6 12.f4 Na5 13.d5 Nbc4 14.Bc1 Bc5+ 15.Kh1 Qh4
16.Bxc4 Nxc4 17.f5 Nxe5 18.Rf4 Qe7 19.fxg6 hxg6 20.Re4  1-0

[Event "RUS-chT"]
[Site "Podolsk"]
[Date "1992.??.??"]
[Round "?"]
[White "Sherbakov, Ruslan"]
[Black "Chekhov, Valery A"]
[Result "1/2-1/2"]
[WhiteElo "2495"]
[BlackElo "2550"]

1.d4 d5 2.c4 dxc4 3.e4 Nf6 4.e5 Nd5 5.Bxc4 Nb6 6.Bb3 Nc6 7.Ne2 Bf5 8.Nbc3 e6
9.O-O Be7 10.Be3 O-O 11.Ng3 Bg6 12.Nge4 Na5 13.Bc2 Nac4 14.Bc1 Nd5 15.Qe2 Ncb6
16.Rd1 Qd7 17.Bd2 Rac8 18.Rac1 Rfd8 19.Be1 Qe8 20.g3 Nxc3 21.bxc3 c5 22.h4 cxd4
23.cxd4 Ba3 24.h5 Bxc1 25.hxg6 Ba3 26.gxf7+ Qxf7 27.Ng5 Rxc2 28.Nxf7 Rxe2
29.Nxd8 Rxa2 30.Nxe6 Kf7 31.Nd8+ Ke7 32.Nxb7 Nd5 33.Na5 Ke6 34.Nc4 Be7 35.Kf1 h5
36.Rb1 g5 37.Rb8 Ra4 38.Na5 Rxd4 39.Rh8 h4 40.Rh6+ Kf5  1/2-1/2

[Event "Podolsk"]
[Site "Podolsk"]
[Date "1992.??.??"]
[Round "?"]
[White "Vyzmanavin, Alexey"]
[Black "Bagirov, Vladimir"]
[Result "1-0"]
[WhiteElo "2580"]
[BlackElo "2500"]

1.d4 d5 2.c4 dxc4 3.e4 e5 4.Nf3 Bb4+ 5.Nc3 exd4 6.Nxd4 Ne7 7.Bxc4 Nbc6 8.Be3 O-O
9.Nb5 Bd7 10.a3 Ba5 11.b4 Bb6 12.Bxb6 axb6 13.f4 Na7 14.Nxa7 Rxa7 15.O-O Kh8
16.Qb3 Qe8 17.Rad1 Ng8 18.b5 Be6 19.Bxe6 fxe6 20.Qb4 h6 21.a4 Ra8 22.Qc4 Qe7
23.g3 Rfd8 24.e5 Rac8 25.Ne2 Qc5+ 26.Qxc5 bxc5 27.Nc3 b6 28.Rxd8 Rxd8 29.Rd1 Rxd1+
30.Nxd1 Ne7 31.Kf2 Nd5 32.Kf3 h5 33.Ke4 g6 34.Ne3 Nc3+ 35.Kd3 Nd5 36.Nc4 Kg7
37.a5 bxa5 38.Nxa5 h4 39.Nb7 hxg3 40.hxg3 Kf7 41.Nxc5 c6 42.bxc6 Nb4+ 43.Kc4 Nxc6
44.Ne4 Ke7 45.Kc5 Na5 46.Nd2 Kd7 47.Kb6 Nc6 48.Nb3 Nd8 49.Nc5+ Ke7 50.Ne4 Nf7
51.Kc6 Nh6 52.Nd6 Kd8 53.Kc5 Kd7 54.Kd4 Ke7 55.Ke4 Ng4 56.Kf3 Nh2+ 57.Kg2 Ng4
58.Kh3 Nf2+ 59.Kh4 Kf8 60.g4 Kg7 61.Kg3 Nd3 62.Ne4 Kf7 63.Kf3 Ke7 64.Ke3 Nb4
65.Nc3 Nc2+ 66.Ke4 Nb4 67.Nd1 Nc6 68.Ne3 Kf7 69.Ng2 Ke7 70.Nh4 Kf7 71.Nf3 Ke7
72.Kd3 Nb4+ 73.Kd4 Nc2+ 74.Ke4 Nb4 75.Nh4 Kf7 76.Kd4 Nd5 77.Ng2 Ke7 78.Kc5 Nc3
79.Nh4 Kf7 80.Nf3 Ke7 81.Nh4 Kf7 82.Kc6 Ne4 83.g5 Nd2 84.Kd7 Nb3 85.f5 gxf5
86.g6+ Kg7 87.Kxe6 Nd4+ 88.Kd5 Nb5 89.Kc5 Nc3 90.Kd4 Nb5+ 91.Ke3 Nc7 92.Kf4 Kf8
93.Nxf5 Ne6+ 94.Kg4 Kg8 95.Kh5 Kf8 96.Kh6 Kg8 97.g7 Kf7 98.Kh7  1-0

[Event "Protvino"]
[Site "Protvino"]
[Date "1992.??.??"]
[Round "?"]
[White "Makarjev, Ilja"]
[Black "Boguslawsky, Maxim"]
[Result "1/2-1/2"]
[WhiteElo "2335"]
[BlackElo "2420"]

1.d4 d5 2.c4 dxc4 3.e4 e5 4.Nf3 exd4 5.Bxc4 Bb4+ 6.Bd2 Bxd2+ 7.Nbxd2 Nc6
8.O-O Nge7 9.Nb3 O-O 10.Nbxd4 Bg4 11.Be2 Nxd4 12.Nxd4 Bxe2 13.Nxe2 c5 14.Qxd8 Rfxd8
15.Rfd1 Kf8 16.f3 Ke8 17.Kf2 Rxd1 18.Rxd1 Rd8 19.Rxd8+ Kxd8 20.Ke3 Kd7 21.f4 Kc6
22.g4 b5 23.h4 a5 24.Ng3 a4 25.Nh5 g6 26.Nf6 h6 27.h5 gxh5 28.gxh5 b4 29.Ng4 c4
30.Kd2 f5  1/2-1/2

[Event "Reggio Emilia9192"]
[Site "Reggio Emilia"]
[Date "1992.??.??"]
[Round "6"]
[White "Gurevich, Mikhail"]
[Black "Ivanchuk, Vassily"]
[Result "1/2-1/2"]
[WhiteElo "2630"]
[BlackElo "2735"]

1.d4 d5 2.c4 dxc4 3.e4 Nc6 4.Nf3 Bg4 5.d5 Ne5 6.Bf4 Ng6 7.Be3 Nf6 8.Nc3 e6
9.Qa4+ Qd7 10.Qxd7+ Kxd7 11.Bxc4 exd5 12.exd5 Bxf3 13.gxf3 a6 14.Ne4 Re8
15.Nxf6+ gxf6 16.O-O-O Bd6 17.h4 h5 18.Bd3 Rhg8 19.Kc2 Kd8 20.Kb3 Ne7 21.Be4 Nc8
22.Rhg1 Nb6 23.Rxg8 Rxg8 24.f4 Bxf4 25.Bxf4 Rg4 26.Bxc7+ Kxc7 27.d6+ Kd8
28.Bxb7 a5 29.Bd5 Rxh4 30.Bxf7 Kd7 31.Rd3 Rb4+ 32.Kc2 Rf4 33.Bxh5 Rxf2+ 34.Kb3 Nc8
35.Be8+ Kxe8 36.d7+ Kd8 37.dxc8=Q+ Kxc8 38.Rd5 a4+ 39.Ka3 Rf4 40.Rb5 f5  1/2-1/2

[Event "Reggio Emilia9192"]
[Site "Reggio Emilia"]
[Date "1992.??.??"]
[Round "8"]
[White "Karpov, Anatoly"]
[Black "Ivanchuk, Vassily"]
[Result "1/2-1/2"]
[WhiteElo "2730"]
[BlackElo "2735"]

1.d4 d5 2.c4 dxc4 3.e4 Nf6 4.e5 Nd5 5.Bxc4 Nb6 6.Bd3 Nc6 7.Be3 Be6 8.Nc3 Qd7
9.Nf3 O-O-O 10.h3 Nb4 11.Be2 f5 12.O-O h6 13.a3 N4d5 14.Ne1 Nxc3 15.bxc3 Bc4
16.Nd3 e6 17.a4 g5 18.Qc2 Qc6 19.Rfc1 Bd5 20.Bf1 Nc4 21.Bd2 Rg8 22.Nb4 Bxb4
23.cxb4 Nxd2 24.Qxd2 Qd7 25.Ra3 Kb8 26.Rac3 Rc8 27.b5 g4 28.h4 Qe7 29.g3 Qb4
30.Qd1 c6 31.Bg2 Bxg2 32.Kxg2 cxb5 33.Rxc8+ Rxc8 34.Rxc8+ Kxc8 35.Qc1+ Kd7
36.axb5 Qxd4 37.Qxh6 Qe4+ 38.Kh2 Qd5 39.Qg7+ Ke8 40.Qh8+ Kd7 41.Qg7+ Ke8
42.Qg6+ Ke7 43.Qf6+ Kd7 44.Qf7+ Kd8 45.Qf6+ Kd7  1/2-1/2

[Event "Rishon Le Ziyyon"]
[Site "Rishon Le Ziyyon"]
[Date "1992.??.??"]
[Round "4"]
[White "Soffer, Ram"]
[Black "Greenfeld, Alon"]
[Result "0-1"]
[WhiteElo "2450"]
[BlackElo "2535"]

1.d4 d5 2.c4 dxc4 3.e4 c5 4.d5 Nf6 5.Nc3 b5 6.e5 b4 7.exf6 bxc3 8.bxc3 Nd7
9.Bxc4 Nb6 10.Be3 exf6 11.Ne2 Bd6 12.Bd3 c4 13.Bxc4 O-O 14.Bd3 Qc7 15.Bxb6 axb6
16.h3 f5 17.O-O Ra5 18.c4 Be5 19.Rb1 Rxa2 20.Qb3 Rd2 21.Rfd1 Rxd1+ 22.Rxd1 f4
23.Bc2 Ba6 24.Qd3 g6 25.Bb3 Rc8 26.d6 Qd7 27.Nc3 Rd8 28.Ne4 Kg7 29.Qd5 f6
30.c5 Bb7 31.Qd3 Qc6 32.Bd5 Qxd5 33.Qxd5 Bxd5 34.Rxd5 bxc5 35.d7 Kf7 36.Nxc5 Ke7
37.Rd1 Bd6 38.Nb7 Rxd7 39.Nxd6 Rxd6 40.Re1+ Kf7 41.Ra1 g5 42.Kf1 Rb6 43.Ra2 Kg6
44.Ra3 Kh5 45.Ke2 Kh4 46.Kf1 Rb1+ 47.Ke2 h5 48.Kf3 Rb2 49.Ra6 g4+ 50.Kxf4 Rxf2+
51.Ke3 Kg3 52.hxg4 hxg4 53.Ra4 f5 54.Ra1 Kxg2  0-1

[Event "Roquebrune rapid"]
[Site "Roquebrune"]
[Date "1992.??.??"]
[Round "3"]
[White "Karpov, Anatoly"]
[Black "Ivanchuk, Vassily"]
[Result "1/2-1/2"]
[WhiteElo "2725"]
[BlackElo "2720"]

1.d4 d5 2.c4 dxc4 3.e4 e5 4.Nf3 Bb4+ 5.Bd2 Bxd2+ 6.Qxd2 exd4 7.Qxd4 Nf6 8.Nc3 Be6
9.Qxd8+ Kxd8 10.Nd4 Ke7 11.Nxe6 fxe6 12.Bxc4 Rd8 13.f3 Nc6 14.Rd1 Rxd1+ 15.Kxd1 Rd8+
16.Kc1 g5 17.Rd1 Rf8 18.Kd2 h5 19.Ke3 Ne5 20.Be2 h4 21.Nb5 Nh5 22.Rc1 c6
23.Rc5 Kf6 24.Nd6 b6 25.Rc3 Rd8 26.Nc4 c5 27.Nxe5 Kxe5 28.Ra3 Rd7 29.Bd3 Rg7
30.Be2 Rf7 31.Rc3 Rd7 32.Rc2 Rd4 33.a3 a5 34.Rc3 a4 35.Rc2 Kd6 36.Bb5 e5
37.Rd2 Rxd2 38.Kxd2 Nf4 39.g3 hxg3 40.hxg3 Nh5 41.g4 Nf4 42.Bxa4 Ne6 43.Ke3 Nd4
44.Bd1 c4 45.Kd2 Kc5 46.Kc3 b5 47.Kd2 b4 48.axb4+ Kxb4 49.Ke3 c3 50.bxc3+ Kxc3  1/2-1/2

[Event "St Petersburg-ch op"]
[Site "St Petersburg"]
[Date "1992.??.??"]
[Round "?"]
[White "Polovodin, Igor A"]
[Black "Ionov, Sergey"]
[Result "0-1"]
[WhiteElo "2460"]
[BlackElo "2500"]

1.d4 d5 2.c4 dxc4 3.e4 e5 4.dxe5 Qxd1+ 5.Kxd1 Nc6 6.f4 Bg4+ 7.Nf3 O-O-O+
8.Kc2 Nb4+ 9.Kc3 Rd1 10.Be3 Ne7 11.Bd2 Ng6 12.a3 Nd3 13.Kc2 Nf2 14.Be3 Rxb1
15.Rxb1 Nxh1 16.Bxc4 Nf2 17.Bxf2 Nxf4 18.Ng5 Be7 19.Nxf7 Rf8 20.Bg3 Be6 21.Bxf4 Bxc4
22.e6 Bxe6 23.Ng5 Ba2 24.Ra1 Rxf4  0-1

[Event "St Petersburg-ch op"]
[Site "St Petersburg"]
[Date "1992.??.??"]
[Round "?"]
[White "Agrest, Evgenij"]
[Black "Mishuchkov, Nikolai M"]
[Result "1/2-1/2"]
[WhiteElo "2485"]
[BlackElo "2400"]

1.d4 d5 2.c4 dxc4 3.e4 c5 4.d5 e6 5.Nc3 exd5 6.Nxd5 Nf6 7.Bxc4 Nxd5 8.Bxd5 Be7
9.Nf3 O-O 10.O-O Qb6 11.Qb3 Nc6 12.Bf4 Nb4 13.Bc4 Be6 14.Ne5 Bxc4 15.Qxc4 Qe6
16.Rfd1 Rfd8 17.Qxe6  1/2-1/2

[Event "Tashkent"]
[Site "Tashkent"]
[Date "1992.??.??"]
[Round "?"]
[White "Vakhidov, Tahir"]
[Black "Nenashev, Alexander"]
[Result "1/2-1/2"]
[WhiteElo "2430"]
[BlackElo "2510"]

1.d4 d5 2.c4 dxc4 3.e4 Nc6 4.d5 Ne5 5.Bf4 Ng6 6.Be3 Nf6 7.Nc3 e6 8.Bxc4 exd5
9.exd5 Bd6 10.Bb5+ c6 11.dxc6 O-O 12.Nf3 Ng4 13.O-O Qc7 14.Nd5 Bxh2+ 15.Kh1  1/2-1/2

[Event "Tilburg"]
[Site "Tilburg"]
[Date "1992.??.??"]
[Round "2"]
[White "Galliamova, Alisa"]
[Black "Barua, Dibyendu"]
[Result "0-1"]
[WhiteElo "2560"]
[BlackElo "2550"]

1.d4 d5 2.c4 dxc4 3.e4 Nf6 4.e5 Nd5 5.Bxc4 Nb6 6.Bd3 Nc6 7.Ne2 g6 8.Nbc3 Bg7
9.a3 O-O 10.Be3 Be6 11.O-O Nd5 12.Nxd5 Bxd5 13.Nf4 e6 14.Rc1 Ne7 15.h4 Rc8
16.b4 Nf5 17.Bxf5 exf5 18.h5 c6 19.b5 Re8 20.bxc6 Bxc6 21.hxg6 hxg6 22.f3 g5
23.Nh5 f4 24.Bf2 Bd5 25.Qa4 a6 26.Qb4 Qd7 27.Qa5 Rc6 28.Rxc6 Qxc6 29.Rb1 b5
30.Be1 Rc8 31.Bb4 Qg6 32.Nxg7 Qxb1+  0-1

[Event "Wisla BES op"]
[Site "Wisla"]
[Date "1992.??.??"]
[Round "7"]
[White "Gleizerov, Evgeny"]
[Black "Twardon, Marian"]
[Result "1-0"]
[WhiteElo "2525"]
[BlackElo "2345"]

1.d4 d5 2.c4 dxc4 3.e4 Nc6 4.Nf3 Bg4 5.Bxc4 Bxf3 6.Qxf3 e6 7.d5 Ne5 8.Bb5+ c6
9.Qc3 Bd6 10.dxc6 bxc6 11.Bxc6+ Nxc6 12.Qxc6+ Kf8 13.Nc3 Ne7 14.Qa6 Qc7 15.Be3 Rb8
16.Rd1 Nc8 17.h3 Rxb2 18.O-O Qxc3 19.Bd4  1-0

[Event "Aalborg op"]
[Site "Aalborg"]
[Date "1993.??.??"]
[Round "7"]
[White "Christiansen, Jens Jorgen"]
[Black "Archangelsky, Mikhail"]
[Result "1-0"]
[WhiteElo "2270"]
[BlackElo "2310"]

1.d4 d5 2.c4 dxc4 3.e4 e5 4.Nf3 exd4 5.Nxd4 Nf6 6.Nc3 Bc5 7.Be3 Ng4 8.Bxc4 Nxe3
9.fxe3 O-O 10.O-O Nc6 11.Rxf7 Rxf7 12.Bxf7+ Kf8 13.Bd5 Qf6 14.Bxc6 bxc6 15.Qa4 Bxd4
16.exd4 Kg8 17.Rf1 Qe6 18.Qb4 Qd6 19.Qc4+ Be6 20.Qd3 Rd8 21.Rd1 Bf7 22.Qg3 h6
23.Qxd6 cxd6 24.Kf2 Rb8 25.b3 Rb4 26.Ke3 a5 27.Rc1 Kf8 28.Na4 Be8 29.Nb2 Ke7
30.Nd3 Rb6 31.Rf1 Bf7 32.Rf2 Ra6 33.g3 a4 34.b4 a3 35.Rc2 Ra4 36.Kd2 Ra6
37.Kc3 Bg6 38.Re2 Bf7 39.d5 Kd7 40.Kd4 cxd5 41.exd5 Rb6 42.Kc4 g5 43.b5 Rb8
44.Nb4 Re8 45.Rxe8 Bxe8 46.Nc2 Kc7 47.Nxa3 Kb6 48.Kb4  1-0

[Event "Altensteig-B"]
[Site "Altensteig"]
[Date "1993.??.??"]
[Round "5"]
[White "Touzane, Olivier"]
[Black "Kraut, Rainer"]
[Result "0-1"]
[WhiteElo "2330"]
[BlackElo "2425"]

1.d4 d5 2.c4 dxc4 3.e4 Nc6 4.d5 Ne5 5.Bf4 Ng6 6.Bg3 e5 7.Bxc4 Nf6 8.Nc3 Bd6
9.Bb5+ Nd7 10.h4 O-O 11.Nf3 Nf4 12.Bxf4 exf4 13.Qd4 f6 14.Bxd7 Bxd7 15.Qc4 Qe7
16.O-O-O a6 17.Rhe1 b5 18.Qd3 Rfe8 19.Nd4 b4 20.Nb1 Be5 21.Qc4 Bb5 22.Qc2 Bxd4
23.Rxd4 Rac8 24.a4 c5 25.Rdd1 Bd7 26.Qc4 Bxa4 27.d6+ Qe6 28.Nd2 Rcd8 29.Qxe6+ Rxe6
30.b3 Bb5 31.e5 fxe5 32.Ne4 Bc6 33.Nxc5 Rexd6 34.Rxd6 Rxd6 35.f3 Rg6 36.Nxa6 Rxg2
37.Nxb4 Bxf3 38.Rxe5 Be2 39.Kd2 f3 40.Ke3 Rg4 41.Nc6 Rxh4 42.b4 Rh1 43.Re8+ Kf7
44.Rb8 Rb1 45.Ne5+ Kf6 46.Nxf3 Bxf3 47.Kxf3 h5 48.Kg3 Kg5 49.Rb5+ Kh6 50.Rb6+ g6
51.Rb5 Rb3+ 52.Kf4 g5+ 53.Kf5 Rf3+ 54.Ke4 Rf4+ 55.Kd3 h4 56.Rb8 Kh5 57.b5 Kg4
58.Kc3 h3 59.b6 Rf6 60.Kd4 h2 61.Rh8 Rxb6 62.Rxh2 Kg3 63.Rh8 Re6 64.Kd3 g4
65.Rh7 Kg2 66.Rg7 g3 67.Rg8 Kf2 68.Rf8+ Kg1 69.Rg8 g2 70.Rh8 Re5 71.Kd2 Kf2
72.Rf8+ Kg3 73.Rg8+ Kf3 74.Rg7 Re4 75.Rf7+ Rf4 76.Rg7 Rg4  0-1

[Event "Alushta"]
[Site "Alushta"]
[Date "1993.??.??"]
[Round "?"]
[White "Gleizerov, Evgeny"]
[Black "Ibragimov, Ildar"]
[Result "1/2-1/2"]
[WhiteElo "2555"]
[BlackElo "2540"]

1.d4 d5 2.c4 dxc4 3.e4 c5 4.d5 Nf6 5.Nc3 b5 6.e5 b4 7.exf6 bxc3 8.bxc3 exf6
9.Bxc4 Bd6 10.Nf3 O-O 11.O-O Nd7 12.Be2 Nb6 13.c4 Re8 14.Re1  1/2-1/2

[Event "Alushta"]
[Site "Alushta"]
[Date "1993.??.??"]
[Round "?"]
[White "Moskalenko, Viktor"]
[Black "Lazarev, Vladimir"]
[Result "0-1"]
[WhiteElo "2555"]
[BlackElo "2430"]

1.d4 d5 2.c4 dxc4 3.e4 Nf6 4.e5 Nd5 5.Bxc4 Nb6 6.Bb3 Nc6 7.Be3 Bf5 8.Ne2 e6
9.O-O Nb4 10.Nbc3 N4d5 11.Ng3 Bg6 12.Bxd5 Nxd5 13.Qb3 Nb6 14.a4 a5 15.Rfd1 c6
16.Nge4 Be7 17.d5 Nxd5 18.Qxb7 Qc8 19.Qxc8+ Rxc8 20.Rac1 Rb8 21.Nxd5 cxd5
22.Nd6+ Kd7 23.Nc4 Bd8 24.f4 Bc7 25.Bc5 Rb3 26.Ba3 Rhb8 27.Nd6 Bb6+ 28.Bc5 Rxb2
29.Bxb6 R2xb6 30.Rc5 Rb1 31.Rxb1 Rxb1+ 32.Kf2 Rb4 33.Rxa5 Rxf4+ 34.Ke3 Rb4
35.Ra7+ Kc6 36.Nxf7 d4+ 37.Kf4 d3+ 38.Ke3 Re4+ 39.Kd2 Re2+ 40.Kd1 Rxg2  0-1